La economía de los bienes públicos (Registro nro. 25466)

Detalles MARC
000 -LEADER
fixed length control field 00317 a2200109 4500
001 - CONTROL NUMBER
control field ART_11323
005 - DATE AND TIME OF LATEST TRANSACTION
control field 20260410161856.0
008 - FIXED-LENGTH DATA ELEMENTS--GENERAL INFORMATION
fixed length control field 260409a
100 1# - MAIN ENTRY--PERSONAL NAME
Personal name Frediani, Ramón O.
245 10 - TITLE STATEMENT
Title La economía de los bienes públicos
773 0# - HOST ITEM ENTRY
Title Revista de Economía
Related parts - Nº 33 (jun. 1982)
Record control number REV11077

No hay ítems disponibles.